Statistics for Random 20 Country Shape

Click here to take the quiz!

General Stats

  • This quiz has been taken 738 times
  • The average score is 14 of 20

Answer Stats

Answer% Correct
Cuba
100%
India
100%
Australia
98%
Egypt
98%
United Kingdom
98%
Canada
97%
China
97%
Greece
97%
Indonesia
97%
Myanmar
97%
Turkey
97%
South Africa
96%
Italy
95%
Japan
95%
Mali
95%
Panama
95%
Thailand
95%
United States
95%
Chile
94%
Iceland
94%
Vietnam
94%
Austria
93%
Cyprus
93%
France
93%
Norway
93%
Croatia
92%
Germany
92%
Morocco
91%
Russia
91%
Argentina
90%
Iran
90%
Netherlands
90%
Brazil
89%
Madagascar
89%
Malta
89%
Monaco
89%
Spain
89%
Sweden
89%
Algeria
88%
Mexico
88%
Nepal
88%
Philippines
88%
Ireland
87%
Portugal
87%
Sri Lanka
87%
Venezuela
87%
Chad
86%
Libya
86%
Benin
85%
Senegal
85%
Angola
84%
Laos
84%
Malaysia
84%
Mauritania
83%
Mongolia
83%
Pakistan
83%
Papua New Guinea
83%
Peru
83%
Somalia
83%
Israel
82%
Kazakhstan
82%
Oman
82%
Yemen
82%
Denmark
81%
Finland
81%
Gambia
81%
Haiti
81%
New Zealand
81%
Niger
81%
Poland
81%
Syria
81%
Ukraine
81%
United Arab Emirates
81%
Nicaragua
80%
Zambia
80%
Bosnia and Herzegovina
79%
Czech Republic
79%
Colombia
78%
Kosovo
78%
Malawi
78%
Slovakia
78%
Jordan
77%
Namibia
77%
Saudi Arabia
77%
Togo
77%
Afghanistan
76%
D.R. Congo
76%
Kuwait
76%
Sudan
76%
Taiwan
76%
Vatican City
76%
Bangladesh
75%
Kyrgyzstan
75%
Trinidad and Tobago
75%
Tunisia
75%
Iraq
74%
Jamaica
74%
Mozambique
74%
North Korea
74%
Paraguay
74%
Romania
74%
South Korea
74%
Belarus
73%
Eritrea
73%
Ghana
73%
Ethiopia
72%
Hungary
72%
Singapore
72%
Switzerland
72%
Bulgaria
71%
Ecuador
71%
Equatorial Guinea
71%
Estonia
71%
Tajikistan
71%
Turkmenistan
71%
Bahamas
70%
Burkina Faso
70%
Latvia
70%
Maldives
70%
Uzbekistan
70%
Cameroon
69%
East Timor
69%
Bolivia
68%
North Macedonia
68%
Azerbaijan
67%
Botswana
67%
Guatemala
67%
Guinea
67%
Guinea-Bissau
67%
Lithuania
67%
Zimbabwe
67%
Central African Republic
66%
Kiribati
66%
Fiji
65%
Slovenia
65%
Tanzania
65%
Nauru
64%
Albania
63%
Costa Rica
63%
Georgia
63%
Guyana
63%
Serbia
63%
F.S. Micronesia
62%
Ivory Coast
61%
Moldova
61%
Rep. of the Congo
61%
Bhutan
60%
Uganda
59%
Bahrain
58%
Brunei
58%
Gabon
58%
Tuvalu
58%
El Salvador
57%
Belize
56%
Liberia
56%
Marshall Islands
56%
South Sudan
56%
Belgium
54%
Nigeria
54%
Kenya
53%
Montenegro
53%
São Tomé and Príncipe
51%
Vanuatu
51%
Antigua and Barbuda
50%
Dominican Republic
50%
Honduras
50%
Saint Lucia
50%
Liechtenstein
49%
Luxembourg
49%
Saint Kitts and Nevis
49%
Suriname
48%
Armenia
47%
Grenada
47%
Sierra Leone
47%
St. Vincent and the Grenadines
47%
Djibouti
46%
Eswatini
46%
Comoros
45%
Qatar
44%
Uruguay
44%
Andorra
43%
Barbados
43%
Samoa
42%
Cape Verde
41%
Cambodia
40%
Lesotho
40%
Burundi
39%
Seychelles
39%
Rwanda
38%
San Marino
38%
Solomon Islands
37%
Palau
36%
Lebanon
34%
Dominica
32%
Tonga
32%
Mauritius
24%

Score Distribution

Percentile by Number Answered

Percent of People with Each Score

Your Score History

You have not taken this quiz